Anything but the USA Quiz Stats

 Plays Quiz Updated Jul 6, 2018

Challenge
Share
Tweet
Embed
Score 0/31 Timer 06:00
43 Plays Today
% Correct
China
95.3%
Russia
93.4%
India
90.9%
Canada
90.4%
United Kingdom
85.8%
Norway
84.4%
Sweden
83.6%
Finland
82.9%
Iceland
80%
Uruguay
78.8%
Uganda
78.3%
Uzbekistan
72.9%
Denmark
72.9%
United Arab Emirates
68.8%
Poland (Warsaw)
65.2%
Indonesia
57.7%
% Correct
Ukraine
53.4%
New Zealand (Wellington)
43.4%
Democratic Republic of the Congo
41.9%
Panama
26.4%
Dominican Republic
25.4%
Marshall Islands
20.2%
Federated States of Micronesia
19%
Palau
17.3%
El Salvador
16.5%
Namibia (Windhoek)
16.4%
Zimbabwe
16.3%
Ecuador
15%
Equatorial Guinea
14.2%
Mozambique
12.5%
Timor Leste
6.7%

You're not logged in!

Compare scores with friends on all Sporcle quizzes.
Join for Free
OR
Log In

You Might Also Like...

Show Comments

Extras

Top Quizzes Today


Score Distribution

Your Account Isn't Verified!

In order to create a playlist on Sporcle, you need to verify the email address you used during registration. Go to your Sporcle Settings to finish the process.

Report this User

Report this user for behavior that violates our Community Guidelines.

Details: